[Event "Titled Tue 26th Aug Early"]
[Site "chess.com INT"]
[Date "2025.08.26"]
[Round "9"]
[White "Hovakimyan, Vache"]
[Black "Janaszak, Dawid"]
[Result "1/2-1/2"]
[WhiteTitle "FM"]
[BlackTitle "FM"]
[WhiteElo "2270"]
[BlackElo "2306"]
[WhiteFideId "13317288"]
[BlackFideId "1119206"]
[EventDate "2025.08.26"]

1. Nf3 d5 2. b3 Bg4 3. Bb2 Bxf3 4. gxf3 Nf6 5. e3 e6 6. d4 Nbd7 7. Nd2 c6 8. c4
Bd6 9. f4 O-O 10. Bd3 a5 11. Qc2 Kh8 12. Nf3 a4 13. Ne5 axb3 14. axb3 Rxa1+ 15.
Bxa1 Bb4+ 16. Ke2 Qe7 17. Bb2 Ra8 18. Ra1 Rxa1 19. Bxa1 Ne8 20. Qa2 Nxe5 21.
fxe5 Qh4 22. Kd1 Kg8 23. Qa4 Be7 24. Qa8 Kf8 25. Ke1 Qxh2 26. Bc3 Qh1+ 27. Bf1
Qe4 28. Qxb7 Qb1+ 29. Ke2 dxc4 30. Qxc6 Qd3+ 31. Kf3 Qxc3 32. Bxc4 g5 33. Qd7 h5
34. Kg2 Qc2 35. Bb5 Nc7 36. Bc6 Nd5 37. Qe8+ Kg7 38. Bxd5 exd5 39. Qxe7 Qe4+ 40.
Kg1 Qg4+ 41. Kf1 Qd1+ 42. Kg2 Qg4+ 43. Kh2 Qh4+ 44. Kg1 Qg4+ 45. Kf1 Qd1+ 46.
Kg2 Qg4+ 47. Kh2 Qh4+ 48. Kg1 Qg4+ 1/2-1/2

[Event "Titled Tue 26th Aug Early"]
[Site "chess.com INT"]
[Date "2025.08.26"]
[Round "9"]
[White "Terkiewicz, Bruno"]
[Black "Ambartsumian, Tyhran"]
[Result "0-1"]
[WhiteTitle "CM"]
[BlackTitle "CM"]
[WhiteElo "2128"]
[BlackElo "2244"]
[WhiteFideId "21093245"]
[BlackFideId "34161112"]
[EventDate "2025.08.26"]

1. Nf3 Nf6 2. g3 b5 3. Bg2 Bb7 4. O-O e6 5. d4 c5 6. a4 b4 7. c4 cxd4 8. Qxd4
Na6 9. b3 Nc5 10. Nbd2 Be7 11. Bb2 O-O 12. Rfd1 a5 13. Ne5 Bxg2 14. Kxg2 Qc7 15.
f3 Rfd8 16. Rac1 d5 17. Nd3 Qa7 18. Nxc5 Bxc5 19. Qh4 d4 20. g4 h6 21. Nf1 Qe7
22. Qf2 e5 23. Ng3 Qe6 24. Rd3 e4 25. fxe4 Nxg4 26. Qf4 Nf6 27. Rf1 Ra7 28. e5
Nh7 29. Ne4 Be7 30. Rxd4 Rxd4 31. Bxd4 Rd7 32. Bc5 Bxc5 33. Nxc5 Qc6+ 34. Ne4
Ng5 35. e6 fxe6 36. Qb8+ Kh7 37. Rf8 Qxe4+ 38. Kf2 Qd4+ 39. Kg3 Qe3+ 40. Kh4
Qh3# 0-1

[Event "Titled Tue 26th Aug Early"]
[Site "chess.com INT"]
[Date "2025.08.26"]
[Round "9"]
[White "Devaev, Alexander"]
[Black "Mullodzhanov, Nathaniel"]
[Result "0-1"]
[WhiteTitle "FM"]
[WhiteElo "2306"]
[BlackElo "2120"]
[WhiteFideId "4169395"]
[BlackFideId "30961580"]
[EventDate "2025.08.26"]

1. d4 Nf6 2. c4 g6 3. Nc3 Bg7 4. e4 d6 5. Nf3 O-O 6. h3 e5 7. d5 a5 8. Bg5 Nbd7
9. g4 Nc5 10. Nd2 c6 11. Be2 Qe8 12. h4 h6 13. Be3 cxd5 14. cxd5 Bxg4 15. Bxg4
Nd3+ 16. Kf1 Nxb2 17. Qe2 Nxg4 18. Qxg4 Rc8 19. Nd1 f5 20. exf5 gxf5 21. Qh3
Nxd1 22. Rxd1 f4 23. Rg1 Qb5+ 24. Ke1 fxe3 25. Qxe3 Rf4 26. Rg6 Qxd5 27. Qg3 Rc7
28. Rxh6 Rcf7 29. f3 Qd3 30. Qg1 e4 31. Rg6 exf3 0-1

[Event "Titled Tue 26th Aug Early"]
[Site "chess.com INT"]
[Date "2025.08.26"]
[Round "9"]
[White "Buchenau, Frank"]
[Black "Omariev, Maksim"]
[Result "1-0"]
[WhiteTitle "FM"]
[BlackTitle "FM"]
[WhiteElo "2205"]
[BlackElo "2304"]
[WhiteFideId "4604350"]
[BlackFideId "4193423"]
[EventDate "2025.08.26"]

1. e4 c5 2. g3 d6 3. Bg2 Nc6 4. Ne2 g6 5. c3 Bg7 6. d4 e5 7. Be3 b6 8. d5 Nce7
9. c4 f5 10. Nbc3 Bh6 11. f4 Bg7 12. O-O Bd7 13. fxe5 Bxe5 14. Bf4 Nf6 15. exf5
Bxf4 16. Nxf4 Bxf5 17. Qd2 O-O 18. Rae1 Qd7 19. Ne6 Rf7 20. h3 h5 21. Qh6 Re8
22. Rf4 Nc8 23. Ref1 Qe7 24. Rxf5 gxf5 25. Rxf5 Rh7 26. Qxf6 Qxf6 27. Rxf6 Ne7
28. Ne4 Rg7 29. Nxd6 1-0

[Event "Titled Tue 26th Aug Early"]
[Site "chess.com INT"]
[Date "2025.08.26"]
[Round "9"]
[White "Mohmad Bashiq Imrose"]
[Black "Grot, Blazej"]
[Result "0-1"]
[WhiteTitle "CM"]
[BlackTitle "CM"]
[WhiteElo "2120"]
[BlackElo "2207"]
[WhiteFideId "25654489"]
[BlackFideId "21835845"]
[EventDate "2025.08.26"]

1. d4 Nf6 2. c4 e6 3. Nf3 h6 4. g3 c5 5. d5 exd5 6. cxd5 d6 7. Bg2 Be7 8. O-O
O-O 9. a4 Re8 10. b3 Bf8 11. Bb2 a6 12. a5 Bf5 13. Nc3 Nbd7 14. Nd2 Bg6 15. e4
b5 16. axb6 Qxb6 17. Nc4 Qb8 18. Re1 Ra7 19. Na5 Rc7 20. Nc6 Qb6 21. Na4 Qb5 22.
Bf1 Qb7 23. f3 Nb8 24. Bxf6 gxf6 25. Na5 Qc8 26. Nb2 f5 27. Bh3 Nd7 28. exf5 Bh7
29. Nbc4 Nf6 30. f4 Rxe1+ 31. Qxe1 Bxf5 32. Nb6 Qb8 33. Bxf5 Qxb6 34. Qc3 c4+
35. Kg2 Nxd5 36. Qf3 Ne3+ 37. Kh3 Nxf5 38. Nxc4 Qd4 39. Qg4+ Ng7 40. Rxa6 Rc5
41. Ra8 Rh5+ 42. Kg2 Qe4+ 43. Qf3 Rxh2+ 44. Kxh2 Qxf3 45. Ra2 Nf5 0-1

[Event "Titled Tue 26th Aug Early"]
[Site "chess.com INT"]
[Date "2025.08.26"]
[Round "9"]
[White "Dreelinck, Jacob"]
[Black "Baches Garcia, Guillermo"]
[Result "1-0"]
[WhiteTitle "FM"]
[BlackTitle "IM"]
[WhiteElo "2278"]
[BlackElo "2305"]
[WhiteFideId "250511"]
[BlackFideId "2209764"]
[EventDate "2025.08.26"]

1. e4 e6 2. d4 d5 3. Nc3 Nf6 4. Bg5 h6 5. Bxf6 Qxf6 6. a3 Qd8 7. Qg4 Nc6 8.
O-O-O e5 9. Qg3 exd4 10. Nxd5 Bd6 11. Qxg7 Qg5+ 12. Qxg5 hxg5 13. Nf3 Be6 14.
Nxg5 Bxd5 15. exd5 Bf4+ 16. Kb1 Bxg5 17. dxc6 O-O-O 18. Bc4 f6 19. cxb7+ Kxb7
20. g3 Rde8 21. h4 Bh6 22. Rhe1 Kc6 23. Bf7 Re5 24. Rxe5 fxe5 25. g4 Bf4 26. h5
Rf8 27. Bg6 Bg5 28. f3 Kd6 29. Be4 c5 30. Rh1 Bh6 31. g5 Bxg5 32. h6 c4 33. h7
Bf6 34. Rh6 Ke7 35. Bd5 c3 36. bxc3 dxc3 37. Ka2 Rb8 38. Bb3 a5 39. a4 Bh8 40.
Rg6 Rf8 41. Bd5 Rd8 42. Rg8 1-0

[Event "Titled Tue 26th Aug Early"]
[Site "chess.com INT"]
[Date "2025.08.26"]
[Round "9"]
[White "Piesik, Piotr"]
[Black "Zakarian, David"]
[Result "0-1"]
[WhiteTitle "IM"]
[BlackTitle "FM"]
[WhiteElo "2427"]
[BlackElo "2301"]
[WhiteFideId "1136194"]
[BlackFideId "13301276"]
[EventDate "2025.08.26"]

1. Nf3 b5 2. e4 Bb7 3. Bxb5 Bxe4 4. O-O Nf6 5. Re1 e6 6. d4 Be7 7. c4 O-O 8. Nc3
Bb7 9. d5 c6 10. dxc6 Nxc6 11. Bf4 Na5 12. Nd2 Rc8 13. Qe2 d5 14. Rad1 a6 15.
Ba4 Nxc4 16. Nxc4 Rxc4 17. Qxc4 dxc4 18. Rxd8 Rxd8 19. f3 Bb4 20. Be5 Rd2 21.
Rd1 Rxd1+ 22. Nxd1 Nd5 23. Bd4 f6 24. Kf1 e5 25. Bf2 Kf7 26. Bc2 Bc6 27. a3 Ba5
28. Ne3 Nxe3+ 29. Bxe3 g6 30. Ke2 Ke6 31. Bd2 Bb6 32. Be3 Bd4 33. Bc1 c3 34.
bxc3 Bxc3 35. Bb3+ Bd5 36. Bxd5+ Kxd5 37. Kd3 Bd4 38. g4 f5 39. gxf5 gxf5 40. h3
e4+ 41. fxe4+ fxe4+ 42. Kc2 Kc4 43. Bd2 Bc5 44. a4 e3 45. Be1 Bb4 46. Bh4 e2 0-1

[Event "Titled Tue 26th Aug Early"]
[Site "chess.com INT"]
[Date "2025.08.26"]
[Round "9"]
[White "Mummana Venkata Ruthvik"]
[Black "Lisenkov, Svyatoslav"]
[Result "0-1"]
[WhiteTitle "CM"]
[BlackTitle "FM"]
[WhiteElo "2237"]
[BlackElo "2343"]
[WhiteFideId "25697307"]
[BlackFideId "34264183"]
[EventDate "2025.08.26"]

1. Nf3 Nc6 2. d4 d6 3. g3 g6 4. Bg2 Bg7 5. O-O Bf5 6. b3 Qd7 7. Bb2 Bh3 8. Nbd2
h5 9. Qc1 h4 10. d5 Ne5 11. Bxe5 dxe5 12. e4 Bxg2 13. Kxg2 hxg3 14. fxg3 Qh3+
15. Kg1 Nf6 16. Qe1 Ng4 17. Qe2 Bh6 18. Nc4 b5 19. Ncxe5 Be3+ 20. Kh1 Nxe5 21.
Nxe5 Bd4 22. Nxf7 Bxa1 23. Nxh8 Qxh8 24. Qxb5+ Kd8 25. Qc6 Rb8 26. Qxg6 Bf6 27.
Qf5 Rb4 28. Qe6 Qh7 29. Rf5 Rd4 30. Qc6 Rd1+ 31. Kg2 Rd2+ 32. Kf3 e6 33. Qxe6
Be7 0-1

[Event "Titled Tue 26th Aug Early"]
[Site "chess.com INT"]
[Date "2025.08.26"]
[Round "9"]
[White "Buscar, Michael"]
[Black "Ocampos, Ian"]
[Result "0-1"]
[WhiteElo "2015"]
[BlackElo "2195"]
[WhiteFideId "2603616"]
[BlackFideId "117544"]
[EventDate "2025.08.26"]

1. d4 Nf6 2. c4 c5 3. e3 e6 4. Nf3 a6 5. Nc3 b5 6. cxb5 d5 7. dxc5 Bxc5 8. bxa6
O-O 9. Be2 Bxa6 10. O-O Nc6 11. b3 d4 12. Na4 Bxe2 13. Qxe2 d3 14. Qb2 Be7 15.
Qc3 Rc8 16. Rd1 Nb4 17. Qd4 Nfd5 18. Qg4 Bf6 19. Bb2 Bxb2 20. Nxb2 Nc2 21. Rac1
Ncxe3 22. fxe3 Nxe3 23. Qd4 Nxd1 24. Rxd1 Rc2 25. Nxd3 Rxa2 26. Nb4 Qxd4+ 27.
Rxd4 Rb2 28. Nd2 e5 29. Rd5 f6 30. Nc6 Ra8 31. Kf2 Raa2 32. Ke3 Kf7 33. b4 Rc2
34. b5 Ra3+ 35. Ke2 Ke6 36. Rd8 Raa2 37. Kd1 Rcb2 38. Nf3 Rb1# 0-1

[Event "Titled Tue 26th Aug Early"]
[Site "chess.com INT"]
[Date "2025.08.26"]
[Round "9"]
[White "Alcazar Jimenez, Jesus Alberto"]
[Black "Siva Kumar, Nirish Kumar"]
[Result "0-1"]
[WhiteTitle "FM"]
[BlackTitle "FM"]
[WhiteElo "2172"]
[BlackElo "2214"]
[WhiteFideId "2209756"]
[BlackFideId "35820802"]
[EventDate "2025.08.26"]

1. e4 c6 2. c4 d5 3. exd5 cxd5 4. d4 Nf6 5. c5 Nc6 6. Nf3 Be6 7. Nc3 Qd7 8. Bb5
Bg4 9. h3 Bxf3 10. Qxf3 e6 11. O-O a6 12. Ba4 Be7 13. Be3 O-O 14. Rad1 Rfb8 15.
Bc2 b6 16. cxb6 Rxb6 17. Na4 Rbb8 18. b3 Nb4 19. Bb1 Qb5 20. Bf4 Rc8 21. Rc1 Nc6
22. Be5 Nxe5 23. dxe5 Nd7 24. Bd3 Qb4 25. Qe3 g6 26. Rxc8+ Rxc8 27. Bxa6 Rc2 28.
Rc1 Rxc1+ 29. Qxc1 Nxe5 30. Qc8+ Kg7 31. Qc3 Qf4 32. g3 Qf6 33. f4 Nd7 34. Qxf6+
Nxf6 35. Bd3 Nd7 36. Kf2 f5 37. Ke3 Kf6 38. Kd4 Bd6 39. Bb5 Nb8 40. Nb6 g5 41.
fxg5+ Kxg5 42. Nd7 Nxd7 43. Bxd7 Kf6 44. g4 f4 45. h4 Ke7 46. Bc8 Bc7 47. b4
Bb6+ 48. Kd3 e5 0-1

[Event "Titled Tue 26th Aug Early"]
[Site "chess.com INT"]
[Date "2025.08.26"]
[Round "9"]
[White "Durarbayli, Vasif"]
[Black "Vasquez Schroeder, Rodrigo"]
[Result "1-0"]
[WhiteTitle "GM"]
[BlackTitle "GM"]
[WhiteElo "2612"]
[BlackElo "2446"]
[WhiteFideId "13402935"]
[BlackFideId "3400042"]
[EventDate "2025.08.26"]

1. e4 c5 2. Nf3 d6 3. d4 cxd4 4. Nxd4 Nf6 5. Nc3 a6 6. Be2 e5 7. Nb3 Be7 8. Be3
Be6 9. Nd5 Nbd7 10. Qd3 Bxd5 11. exd5 O-O 12. g4 Nb6 13. c4 a5 14. g5 Nfd7 15.
Qf5 a4 16. Nd2 g6 17. Qg4 f5 18. gxf6 Nxf6 19. Qe6+ Kg7 20. h4 Nbd7 21. h5 gxh5
22. O-O-O a3 23. b3 Kh8 24. Bxh5 Rg8 25. Be2 Nf8 26. Qh3 Qa5 27. Kc2 Ng6 28. Bd3
Rg7 29. Bh6 Rgg8 30. Bg5 Qc7 31. Rdg1 Nf8 32. f4 Rg7 33. Bh6 Rg8 34. fxe5 dxe5
35. Rxg8+ Nxg8 36. Bxf8 1-0

[Event "Titled Tue 26th Aug Early"]
[Site "chess.com INT"]
[Date "2025.08.26"]
[Round "9"]
[White "Sarkar, Justin"]
[Black "Guliev, Gasan"]
[Result "0-1"]
[WhiteTitle "IM"]
[BlackTitle "CM"]
[WhiteElo "2286"]
[BlackElo "2123"]
[WhiteFideId "2010011"]
[BlackFideId "34165638"]
[EventDate "2025.08.26"]

1. d4 d5 2. Bg5 c6 3. c3 Qb6 4. Qb3 Bf5 5. Nd2 Nd7 6. Ngf3 e6 7. e3 h6 8. Bf4
Ngf6 9. h3 Be7 10. Be2 O-O 11. O-O Rac8 12. c4 c5 13. cxd5 exd5 14. dxc5 Bxc5
15. Qxb6 Bxb6 16. Rac1 Nc5 17. Nd4 Bg6 18. Bd6 Rfd8 19. Be7 Re8 20. Bxf6 gxf6
21. Bg4 Rcd8 22. Bf5 Nd3 23. Bxd3 Bxd3 24. Rfd1 Rc8 25. Rxc8 Rxc8 26. N2b3 Bc4
27. Rc1 Re8 28. Nd2 Ba6 29. b3 Bxd4 30. exd4 Re2 31. Nf3 Rxa2 32. Rc5 Rb2 33.
Rxd5 Rxb3 34. Nh4 Bd3 35. Rd8+ Kg7 36. d5 Bb5 37. Nf5+ Kg6 38. g4 Kg5 39. d6 Kf4
40. Rf8 Bc6 41. Kf1 Bf3 42. Ke1 Rd3 0-1

[Event "Titled Tue 26th Aug Early"]
[Site "chess.com INT"]
[Date "2025.08.26"]
[Round "9"]
[White "Sharshenbekov, Emir"]
[Black "Kosakowski, Jakub"]
[Result "0-1"]
[WhiteTitle "CM"]
[BlackTitle "GM"]
[WhiteElo "2175"]
[BlackElo "2542"]
[WhiteFideId "13810634"]
[BlackFideId "1185080"]
[EventDate "2025.08.26"]

1. e4 e5 2. Nf3 Nc6 3. Nc3 Nf6 4. Bb5 Bb4 5. O-O O-O 6. d3 Bxc3 7. bxc3 d6 8.
Bg5 h6 9. Bh4 Bd7 10. Rb1 a6 11. Bc4 Na5 12. Bd5 Rb8 13. Re1 Be6 14. d4 Nc4 15.
Bxc4 Bxc4 16. dxe5 dxe5 17. Nxe5 Bxa2 18. Qxd8 Rfxd8 19. Rb2 Be6 20. Bxf6 gxf6
21. Nd3 b6 22. f3 a5 23. Kf2 Rd6 24. Ke3 Rbd8 25. Nf4 Bc4 26. Nh5 Kf8 27. Kf4
Rd2 28. g4 Rxh2 29. Nxf6 Rdd2 30. Rbb1 Rxc2 31. Rbd1 Rhd2 32. Ra1 Rxc3 33. Rh1
Rf2 34. Rh3 Be2 35. Rxh6 Rfxf3+ 36. Kg5 Rc5+ 37. Kh4 Kg7 38. g5 Rf4+ 39. Kg3
Rxg5+ 40. Kxf4 Kxh6 41. e5 Kg6 42. Rh1 Rf5+ 43. Ke4 Bf3+ 0-1

[Event "Titled Tue 26th Aug Early"]
[Site "chess.com INT"]
[Date "2025.08.26"]
[Round "9"]
[White "Kalyani Sirin"]
[Black "Jahnz, Laurin"]
[Result "1-0"]
[WhiteTitle "WFM"]
[BlackTitle "CM"]
[WhiteElo "2162"]
[BlackElo "2219"]
[WhiteFideId "33323500"]
[BlackFideId "16261089"]
[EventDate "2025.08.26"]

1. e4 c5 2. Nf3 Nc6 3. d4 cxd4 4. Nxd4 Nf6 5. Nc3 e5 6. Ndb5 d6 7. Bg5 a6 8. Na3
b5 9. Nab1 Be7 10. Bxf6 Bxf6 11. Nd5 O-O 12. a4 Rb8 13. axb5 axb5 14. b4 Be6 15.
Nbc3 Nd4 16. Bd3 Bg5 17. O-O f5 18. exf5 Bxf5 19. Bxf5 Rxf5 20. Ne4 Bf4 21. Qg4
h5 22. Qh3 Bxh2+ 23. Kxh2 Rf4 24. Nxf4 exf4 25. c3 Nc6 26. Qe6+ Kh8 27. Nxd6
Qh4+ 28. Kg1 f3 29. g3 Qg4 30. Qxg4 hxg4 31. Rfe1 Kh7 32. Ra6 Nd8 33. Re8 g6 34.
Kf1 Kh6 35. Rxd8 Rxd8 36. Nf7+ Kh5 37. Nxd8 g5 38. Ne6 Kg6 39. Nd8+ Kh5 40. c4
bxc4 41. Nf7 1-0

[Event "Titled Tue 26th Aug Early"]
[Site "chess.com INT"]
[Date "2025.08.26"]
[Round "9"]
[White "Tarhan, Adar"]
[Black "Naroditsky, Daniel"]
[Result "0-1"]
[WhiteTitle "IM"]
[BlackTitle "GM"]
[WhiteElo "2474"]
[BlackElo "2619"]
[WhiteFideId "34544712"]
[BlackFideId "2026961"]
[EventDate "2025.08.26"]

1. e4 a5 2. d4 e6 3. Bd3 b6 4. Nf3 Ba6 5. c4 g6 6. Nc3 Bg7 7. h4 h6 8. Be3 Ne7
9. Qe2 d6 10. a3 Nd7 11. Rd1 Nf6 12. e5 Ng4 13. Bf4 Bb7 14. Be4 d5 15. cxd5 Nxd5
16. Bxd5 Bxd5 17. h5 g5 18. Nxg5 hxg5 19. Qxg4 Bh6 20. Be3 Bb7 21. d5 exd5 22.
Ne4 Qe7 23. Nf6+ Kf8 24. O-O Bc8 25. Qf3 c6 26. Bxb6 Qe6 27. Qg3 Qf5 28. f4 g4
29. Qc3 Be6 30. Qxc6 Kg7 31. Nxd5 Rhc8 32. Qd6 Qxh5 33. f5 g3 34. Rf3 Qh2+ 35.
Kf1 Rc2 36. f6+ Kh7 37. Ne3 Qh1# 0-1

[Event "Titled Tue 26th Aug Early"]
[Site "chess.com INT"]
[Date "2025.08.26"]
[Round "9"]
[White "Liu, Zachary Hankun"]
[Black "Beznosov, Timofey"]
[Result "1-0"]
[BlackTitle "CM"]
[WhiteElo "1998"]
[BlackElo "2131"]
[WhiteFideId "2640287"]
[BlackFideId "34497951"]
[EventDate "2025.08.26"]

1. e4 c6 2. Nf3 d6 3. Nc3 h6 4. d4 g5 5. g3 Bg7 6. Bg2 g4 7. Ng1 Qb6 8. Nge2 e5
9. dxe5 Bxe5 10. Rb1 Ne7 11. Be3 Qc7 12. O-O h5 13. Qd2 h4 14. Rbd1 Nd7 15. Bf4
Ng6 16. Bxe5 Ndxe5 17. Qxd6 Qxd6 18. Rxd6 Nf3+ 19. Bxf3 gxf3 20. Nc1 Bh3 21.
Rfd1 Ke7 22. R6d2 Ne5 23. b3 Bg2 24. Nd3 hxg3 25. fxg3 Ng4 26. h4 Rag8 27. Nf2
Ne3 28. Re1 Rxg3 29. Rxe3 Rxh4 30. Ne2 Rg5 31. Nd4 Rhh5 32. Nf5+ 1-0

[Event "Titled Tue 26th Aug Early"]
[Site "chess.com INT"]
[Date "2025.08.26"]
[Round "9"]
[White "Shandrygin, Nikita"]
[Black "Bortnyk, Olexandr"]
[Result "0-1"]
[WhiteTitle "FM"]
[BlackTitle "GM"]
[WhiteElo "2209"]
[BlackElo "2601"]
[WhiteFideId "24198668"]
[BlackFideId "14120828"]
[EventDate "2025.08.26"]

1. Nf3 Nf6 2. g3 d5 3. d4 Nbd7 4. Bg2 Nb6 5. O-O Bf5 6. Ne5 e6 7. b3 Be7 8. Bb2
O-O 9. Nd2 c5 10. e3 Rc8 11. c4 Qc7 12. Qe2 Qb8 13. Rac1 Rfd8 14. Rfd1 h6 15.
cxd5 exd5 16. dxc5 Rxc5 17. Rxc5 Bxc5 18. Nd3 Be7 19. Nf4 Rc8 20. Bxf6 Bxf6 21.
Nxd5 Nxd5 22. Bxd5 Rc2 23. e4 Bh3 24. Qh5 Qc8 25. Qxf7+ Kh7 26. Nc4 Bd4 27. Ne3
Bxe3 28. fxe3 Rc7 29. Qf2 Rc1 30. Qd2 Rc2 31. Qd3 Rc3 32. Qd2 Bg4 33. Rf1 Rc2
34. Qd3 Be2 35. Qd4 Bxf1 36. Kxf1 Qh3+ 37. Ke1 Qxh2 38. Qd3 Rc1+ 0-1

[Event "Titled Tue 26th Aug Early"]
[Site "chess.com INT"]
[Date "2025.08.26"]
[Round "9"]
[White "Mecit, Emre"]
[Black "Fiskaaen, Martin Holten"]
[Result "1-0"]
[BlackTitle "FM"]
[WhiteElo "2007"]
[BlackElo "2341"]
[WhiteFideId "6304214"]
[BlackFideId "1550233"]
[EventDate "2025.08.26"]

1. Nf3 d5 2. g3 Nf6 3. Bg2 c6 4. O-O Bg4 5. h3 Bh5 6. d3 Nbd7 7. c4 dxc4 8. dxc4
e6 9. Nc3 Be7 10. Be3 O-O 11. a3 a5 12. Qd2 Bc5 13. Rfd1 Qe7 14. Rab1 Rfd8 15.
Bxc5 Nxc5 16. Qe1 a4 17. Rxd8+ Rxd8 18. Rd1 Bxf3 19. Bxf3 g6 20. Rxd8+ Qxd8 21.
Qd1 Qb6 22. Nxa4 Nxa4 23. Qxa4 Qxb2 24. Kg2 Nd7 25. Qb4 Qxb4 26. axb4 Nb6 27. c5
Nd7 28. h4 Kg7 29. e3 Kf6 30. Kf1 Ke5 31. Ke2 h6 32. Kd3 g5 33. hxg5 hxg5 34.
Kc4 f5 35. b5 Nb8 36. Kb4 Kf6 37. Ka5 e5 38. bxc6 bxc6 39. Kb6 Ke7 40. Kc7 Na6+
41. Kxc6 Nb4+ 42. Kb7 e4 43. Be2 Nd5 44. Bc4 Nf6 45. c6 Ne8 46. c7 Nd6+ 47. Kc6
g4 48. Ba6 Ke6 49. c8=Q+ Nxc8 50. Bxc8+ Ke5 51. Kc5 Kf6 52. Kd6 Kg5 53. Ke5 1-0

[Event "Titled Tue 26th Aug Early"]
[Site "chess.com INT"]
[Date "2025.08.26"]
[Round "9"]
[White "Rosen, Eric"]
[Black "Bardyk, Artem"]
[Result "1-0"]
[WhiteTitle "IM"]
[BlackTitle "FM"]
[WhiteElo "2377"]
[BlackElo "2332"]
[WhiteFideId "2032562"]
[BlackFideId "34349979"]
[EventDate "2025.08.26"]

1. d4 d5 2. Bf4 c5 3. Nc3 Nf6 4. e4 Nxe4 5. Nxe4 dxe4 6. dxc5 Qxd1+ 7. Rxd1 Bd7
8. f3 exf3 9. Nxf3 f6 10. Be3 e5 11. Bc4 Bc6 12. c3 Nd7 13. b4 a5 14. O-O axb4
15. cxb4 Be7 16. Rf2 O-O-O 17. Rc1 Nf8 18. b5 Bd5 19. Rfc2 Ne6 20. a4 e4 21. Nd2
f5 22. c6 f4 23. Bb6 e3 24. Bxd8 Rxd8 25. Bxd5 Rxd5 26. cxb7+ Kxb7 27. Nb3 Bd8
28. Nc5+ Nxc5 29. Rxc5 Rxc5 30. Rxc5 Bb6 31. Rc6 g5 32. Kf1 g4 33. Rf6 Bc7 34.
Rf5 1-0

[Event "Titled Tue 26th Aug Early"]
[Site "chess.com INT"]
[Date "2025.08.26"]
[Round "9"]
[White "Setumadhav, Yellumahanthi"]
[Black "Sai, Han Thiha"]
[Result "1-0"]
[WhiteTitle "FM"]
[BlackTitle "FM"]
[WhiteElo "2226"]
[BlackElo "2117"]
[WhiteFideId "25920669"]
[BlackFideId "13012290"]
[EventDate "2025.08.26"]

1. e4 c6 2. d4 d5 3. e5 c5 4. Nf3 cxd4 5. Qxd4 Nc6 6. Qf4 e6 7. Bd3 Nb4 8. Nc3
Nxd3+ 9. cxd3 Ne7 10. h4 Bd7 11. Nd4 Nc6 12. Be3 Nxd4 13. Qxd4 a6 14. h5 h6 15.
O-O f5 16. Ne2 Be7 17. Nf4 O-O 18. Rfc1 Bg5 19. Ng6 Re8 20. Bxg5 hxg5 21. f4 Bc6
22. g3 Rc8 23. a4 g4 24. Rc2 Qd7 25. b3 b6 26. Rac1 Bb7 27. Qxb6 Rxc2 28. Rxc2
Rc8 29. Rxc8+ Bxc8 30. Qc5 Qe8 31. Qxc8 Qxc8 32. Ne7+ Kf7 33. Nxc8 Ke8 34. Nd6+
Kd7 35. Kf2 Kc6 36. b4 a5 37. bxa5 1-0

[Event "Titled Tue 26th Aug Early"]
[Site "chess.com INT"]
[Date "2025.08.26"]
[Round "9"]
[White "Montejo Bello, Lorena Beatriz"]
[Black "Janukshan, B"]
[Result "0-1"]
[WhiteTitle "WFM"]
[BlackTitle "CM"]
[WhiteElo "2218"]
[BlackElo "1944"]
[WhiteFideId "3529045"]
[BlackFideId "29945399"]
[EventDate "2025.08.26"]

1. e4 c5 2. Nf3 e6 3. d4 cxd4 4. Nxd4 Nf6 5. Nc3 Nc6 6. Ndb5 Bc5 7. Bf4 O-O 8.
Bc7 Qe7 9. Bd6 Bxd6 10. Qxd6 Qd8 11. O-O-O a6 12. Nd4 Ne8 13. Qg3 Nxd4 14. Rxd4
Qb6 15. Rd1 d6 16. h4 Bd7 17. h5 Rc8 18. h6 g6 19. f4 f5 20. Bd3 fxe4 21. Nxe4
d5 22. Ng5 Rf6 23. Rhe1 Qc7 24. Rf1 Bb5 25. Qe3 Qc6 26. Rde1 Bxd3 27. Qxd3 Nc7
28. g3 Nb5 29. Rf2 Qc5 30. Rfe2 Nd4 31. Rd2 Nf5 32. Nxe6 Qd6 33. Ng5 Qd7 34.
Rde2 Rfc6 35. c3 d4 36. Kb1 Qc7 37. cxd4 Rc1+ 38. Rxc1 Qxc1# 0-1

[Event "Titled Tue 26th Aug Early"]
[Site "chess.com INT"]
[Date "2025.08.26"]
[Round "9"]
[White "Waldhausen Gordon, Frederick"]
[Black "Gibala, Adam"]
[Result "1-0"]
[WhiteTitle "FM"]
[BlackTitle "FM"]
[WhiteElo "2393"]
[BlackElo "2300"]
[WhiteFideId "2409143"]
[BlackFideId "21070288"]
[EventDate "2025.08.26"]

1. e4 c6 2. Nf3 d5 3. Nc3 dxe4 4. Nxe4 Nd7 5. Bc4 Ndf6 6. Qe2 Nxe4 7. Qxe4 Nf6
8. Ne5 e6 9. Qe2 Bd6 10. O-O O-O 11. b3 b5 12. Bd3 Bb7 13. Bb2 a6 14. Rae1 c5
15. f4 Re8 16. Kh1 Rc8 17. Qf2 Bd5 18. c4 bxc4 19. bxc4 Ba8 20. Bc2 Qb6 21. Bc3
Qb7 22. Re2 Bxe5 23. fxe5 Ng4 24. Qg3 Nh6 25. h4 Nf5 26. Qf4 Qe7 27. Bxf5 exf5
28. h5 Be4 29. Re3 g5 30. hxg6 fxg6 31. d3 Ba8 32. e6 Qc7 33. Qh6 Rb8 34. Rfe1
Qe7 35. Rh3 1-0

[Event "Titled Tue 26th Aug Early"]
[Site "chess.com INT"]
[Date "2025.08.26"]
[Round "9"]
[White "Rodrigues Mota, Romulo Cardoso S"]
[Black "Karthik, Sai Ch"]
[Result "1-0"]
[BlackTitle "CM"]
[WhiteElo "1940"]
[BlackElo "2159"]
[WhiteFideId "2187442"]
[BlackFideId "46649484"]
[EventDate "2025.08.26"]

1. e4 c5 2. Nf3 d6 3. d4 cxd4 4. Nxd4 Nf6 5. Nc3 g6 6. f3 Bg7 7. Be3 Nc6 8. Bc4
O-O 9. Qd2 Bd7 10. O-O-O Rc8 11. Bb3 Nxd4 12. Bxd4 b5 13. g4 a5 14. e5 dxe5 15.
Bxe5 a4 16. Bxf6 Bxf6 17. Qxd7 Qxd7 18. Rxd7 axb3 19. axb3 Bxc3 20. bxc3 Rxc3
21. Rhd1 Rxf3 22. Rxe7 Rc8 23. Rdd7 Rf1+ 24. Kd2 Rf2+ 25. Kd3 Rcxc2 26. Rxf7
Rxf7 27. Rd8+ Kg7 28. Kxc2 Rf2+ 29. Rd2 Rf4 30. g5 Kf7 31. Rd7+ Ke6 32. Rxh7 Kf5
33. h4 Kg4 34. Rh6 Kf5 35. Rh7 b4 36. Rf7+ Kg4 37. Rxf4+ Kxf4 38. h5 Kxg5 39.
hxg6 Kxg6 40. Kd3 Kf5 41. Kc4 Ke5 42. Kxb4 Kd6 43. Ka5 Kc6 44. b4 Kb7 45. Kb5
Kc7 46. Ka6 Kb8 47. Kb6 Ka8 48. Kc7 Ka7 49. b5 Ka8 50. Kc6 Ka7 51. b6+ Kb8 52.
b7 Ka7 53. Kc7 1-0